The definitive book of body language / (Record no. 25448)

MARC details
000 -LEADER
fixed length control field 00696pam a2200241 a 4500
001 - CONTROL NUMBER
control field 006943686
003 - CONTROL NUMBER IDENTIFIER
control field OSt
005 - DATE AND TIME OF LATEST TRANSACTION
control field 20170918111118.0
008 - FIXED-LENGTH DATA ELEMENTS--GENERAL INFORMATION
fixed length control field 031002s2004 enka frb 000 0 eng d
020 ## - INTERNATIONAL STANDARD BOOK NUMBER
International Standard Book Number 9780752858784
020 ## - INTERNATIONAL STANDARD BOOK NUMBER
International Standard Book Number 0752858785
040 ## - CATALOGING SOURCE
Original cataloging agency StDuBDS
Language of cataloging eng
Transcribing agency StDuBDS
Modifying agency Uk
-- EG-ScBUE
082 04 - DEWEY DECIMAL CLASSIFICATION NUMBER
Edition number 22
Classification number 302.222
Item number PEA
100 1# - MAIN ENTRY--PERSONAL NAME
Personal name Pease, Allan.
245 14 - TITLE STATEMENT
Title The definitive book of body language /
Statement of responsibility, etc Allan & Barbara Pease.
260 ## - PUBLICATION, DISTRIBUTION, ETC. (IMPRINT)
Place of publication, distribution, etc London :
Name of publisher, distributor, etc Orion,
Date of publication, distribution, etc 2004.
300 ## - PHYSICAL DESCRIPTION
Extent xv, 392 p. :
Other physical details ill. ;
Dimensions 20 cm.
504 ## - BIBLIOGRAPHY, ETC. NOTE
Bibliography, etc Includes bibliographical references.
650 #7 - SUBJECT ADDED ENTRY--TOPICAL TERM
Topical term or geographic name as entry element Body language.
Source of heading or term BUEsh
9 (RLIN) 4722
653 ## - INDEX TERM--UNCONTROLLED
Resource For college Generalities
Arrived date list September2017
700 1# - ADDED ENTRY--PERSONAL NAME
Personal name Pease, Barbara.
942 ## - ADDED ENTRY ELEMENTS (KOHA)
Source of classification or shelving scheme Dewey Decimal Classification
Holdings
Withdrawn status Item status Source of classification or shelving scheme Damaged status Not for loan Home library Current library Shelving location Date acquired Source of acquisition Total Checkouts Total Renewals Full call number Barcode Date last seen Date last borrowed Koha item type
    Dewey Decimal Classification     Central Library Central Library First floor 18/09/2017 Donation 2 12 302.222 PEA 000046575 14/05/2026 19/04/2018 Book - Borrowing